<?xml version="1.0" encoding="UTF-8"?>
<record
    xmlns:xsi="http://www.w3.org/2001/XMLSchema-instance"
    xsi:schemaLocation="http://www.loc.gov/MARC21/slim http://www.loc.gov/standards/marcxml/schema/MARC21slim.xsd"
    xmlns="http://www.loc.gov/MARC21/slim">

  <leader>03120nam a22003017a 4500</leader>
  <controlfield tag="003">OSt</controlfield>
  <controlfield tag="005">20260515115904.0</controlfield>
  <controlfield tag="008">260121b        |||||||| |||| 00| 0 eng d</controlfield>
  <datafield tag="022" ind1=" " ind2=" ">
    <subfield code="a">1536-5433</subfield>
  </datafield>
  <datafield tag="022" ind1=" " ind2=" ">
    <subfield code="a">1558-0946</subfield>
  </datafield>
  <datafield tag="040" ind1=" " ind2=" ">
    <subfield code="a">TBS</subfield>
    <subfield code="b">EN</subfield>
    <subfield code="c">TBS</subfield>
  </datafield>
  <datafield tag="041" ind1=" " ind2=" ">
    <subfield code="a">eng</subfield>
  </datafield>
  <datafield tag="100" ind1=" " ind2=" ">
    <subfield code="a">Gonzalez-Perez, Maria Alejandra</subfield>
    <subfield code="9">14128</subfield>
    <subfield code="e">author</subfield>
  </datafield>
  <datafield tag="245" ind1=" " ind2=" ">
    <subfield code="a">COVID-19, sustainable development challenges of Latin America and the Caribbean, and the potential engines for an SDGs-based recovery</subfield>
    <subfield code="c">/ Maria Alejandra Gonzalez-Perez, Mahmoud Mohieldin, G. Tomas M. Hult, Juan Velez-Ocampo.</subfield>
  </datafield>
  <datafield tag="260" ind1=" " ind2=" ">
    <subfield code="b">Management Research: Journal of the Iberoamerican Academy of Management,</subfield>
    <subfield code="c">2021.</subfield>
  </datafield>
  <datafield tag="300" ind1=" " ind2=" ">
    <subfield code="a">22-37 pages.</subfield>
  </datafield>
  <datafield tag="362" ind1=" " ind2=" ">
    <subfield code="a">Management research, 2021-05, Vol.19 (1), p.22-37</subfield>
  </datafield>
  <datafield tag="520" ind1=" " ind2=" ">
    <subfield code="a">Purpose: The purpose of this study is to examine the impact of COVID-19 on the Latin America and the Caribbean (LAC) region and to discuss imperative engines for potential regional recovery.
Design/methodology/approach: This study conceptually discusses the effects of COVID-19 on the LAC region and highlights potential areas for recovery.
Findings: The LAC region have a history of facing structural development challenges &#x2013; due to digital inequality, environmental degradation, erosion of democracy and financial debt &#x2013; which have led to a profound discontent among people in the LAC region and this dissatisfaction has been intensified by the crises stemming from the COVID-19 pandemic. LAC region can increase its resilience and recover its path to sustainable development by consolidating impact-based regional value chains, attracting sustainability-themed foreign direct investment and nurturing structural development to facilitate LAC companies to expand into international markets (&#x201C;multilatinas&#x201D;).
Research limitations/implications: There are some preliminary studies on the economic and social impact of COVID-19 on the LAC region, however, the strategies that emerging and developing economies might pursue to promptly recover are still a matter of discussion. The uncertainty and heterogeneity of the developing and emerging economies and the multidimensional needed actions require local adaptations and adjustments.
Originality/value: The LAC COVID-19 crisis recovery requires shared responsibility, global solidarity, urgent and immediate cooperation and structural transformations to enable deeper regional integration. This integration should focus on impact-based value chains to be resiliently adaptable to changing global realities and arduous local contexts. This paper provides integrative avenues for potential regional recovery within the region.</subfield>
  </datafield>
  <datafield tag="630" ind1=" " ind2="0">
    <subfield code="a">MSc International Business</subfield>
    <subfield code="9">26977</subfield>
  </datafield>
  <datafield tag="650" ind1=" " ind2="0">
    <subfield code="a">Regional value chains</subfield>
    <subfield code="9">26998</subfield>
  </datafield>
  <datafield tag="650" ind1=" " ind2="0">
    <subfield code="a">SDGs-based recovery</subfield>
    <subfield code="9">26999</subfield>
  </datafield>
  <datafield tag="650" ind1=" " ind2="0">
    <subfield code="a">Sustainable recovery</subfield>
    <subfield code="9">27000</subfield>
  </datafield>
  <datafield tag="700" ind1=" " ind2=" ">
    <subfield code="a">Mohieldin, Mahmoud</subfield>
    <subfield code="9">26995</subfield>
    <subfield code="e">author</subfield>
  </datafield>
  <datafield tag="700" ind1=" " ind2=" ">
    <subfield code="a">Hult, G. Tomas M.</subfield>
    <subfield code="9">26996</subfield>
    <subfield code="e">author</subfield>
  </datafield>
  <datafield tag="700" ind1=" " ind2=" ">
    <subfield code="a">Velez-Ocampo, Juan</subfield>
    <subfield code="9">26997</subfield>
    <subfield code="e">author</subfield>
  </datafield>
  <datafield tag="856" ind1=" " ind2=" ">
    <subfield code="u">https://www-emerald-com.hub.tbs-education.fr/mrjiam/article-pdf/19/1/22/2056587/mrjiam-12-2020-1119.pdf</subfield>
  </datafield>
  <datafield tag="942" ind1=" " ind2=" ">
    <subfield code="2">lcc</subfield>
  </datafield>
  <datafield tag="952" ind1=" " ind2=" ">
    <subfield code="0">0</subfield>
    <subfield code="1">0</subfield>
    <subfield code="2">lcc</subfield>
    <subfield code="4">0</subfield>
    <subfield code="7">0</subfield>
    <subfield code="8">CT</subfield>
    <subfield code="a">TBS</subfield>
    <subfield code="b">TBS</subfield>
    <subfield code="d">2026-05-13</subfield>
    <subfield code="l">0</subfield>
    <subfield code="p">5224</subfield>
    <subfield code="r">2026-05-13</subfield>
    <subfield code="u">https://www-emerald-com.hub.tbs-education.fr/mrjiam/article-pdf/19/1/22/2056587/mrjiam-12-2020-1119.pdf</subfield>
    <subfield code="w">2026-05-13</subfield>
    <subfield code="y">ARTICLE</subfield>
  </datafield>
  <datafield tag="999" ind1=" " ind2=" ">
    <subfield code="c">5224</subfield>
    <subfield code="d">5224</subfield>
  </datafield>
</record>
